00878nam a2200169 a 450000100100000000500170001000800410002702000150006804000250008308200150010824501980012326001000032130000430042195201130046495201140057799900170069100004451020201002045427.0140703s2005 bl abc 000 0 spa d a8575960571 aDO-SdBNPbspacBNPHU axxxxbxxxx00aO fio da meada: de onde vem a mudança? :breflexôes sobre desenvolvimento local /c[organizaçâo Maristela Bernardo e Lidiane Melo] ; apresentaçâo María José Gontijo, Alton Dias. aSâo Paulo, Brasil :bPeirópolis,bInstituto Internacional de Educaçâo do Brasil,c2005. a407 p. :bil., mapas, retrs. ;c25 cm. 001050718MOaGRbGRcCTd2014-07-03iLF1l0oxxxx xxxxp44510-10r2020-06-25w2020-06-25y1ZNo se presta 0010507-18MOaGRbGRcOId2014-07-03iLF1l0oxxxx xxxxp44511-10r2020-06-25w2020-06-25y1ZNo se presta c43999d43999